000
00287nam a2200121Ia 4500
008
191201s2019 xx 000 0 und d
100
_a
PFISTER,Cuno
245
0
_a
Getting Started with the Internet of Things
260
_b
SPD
300
_a
176
650
_a
B.Tech(CSE)
942
_2
ddc
_c
BK
999
_c
6867
_d
6867